[Event "Guernsey Open"]
[Site "GCI"]
[Date "2005.10.19"]
[Round "4"]
[White "Wiecker, Stefan"]
[Black "Kemp, Paul M"]
[Result "1/2-1/2"]
[WhiteElo "1985"]
[BlackElo "2051"]
[PlyCount "159"]
[EventDate "2005.10.16"]

1. e4 c5 2. Nc3 g6 3. g3 Bg7 4. Bg2 Nc6 5. d3 d6 6. f4 Nf6 7. Nf3 O-O 8. O-O
Bg4 9. h3 Bxf3 10. Qxf3 Nd4 11. Qf2 Nd7 12. f5 e6 13. Nd1 Rb8 {(=)} 14. Ne3 b5
15. g4 Bf6 16. c3 Nc6 17. Nd1 g5 18. Qd2 Kg7 19. Nf2 h6 20. Nh1 Be5 21. Qe1 Nb6
{(=)} 22. Ng3 Bxg3 23. Qxg3 f6 24. fxe6 Qe7 25. Rf5 Qxe6 26. Bd2 Nc8 27. Qe3
N8e7 28. Rf2 Qe5 29. Rd1 b4 30. Be1 bxc3 31. bxc3 Rb6 32. d4 cxd4 33. cxd4 Qb5
34. Bc3 Qa4 35. Rdf1 Ng6 36. e5 dxe5 37. dxe5 Ncxe5 38. Be4 Qd7 39. Rf5 Re6 40.
Qg3 Nf4 41. R5xf4 gxf4 42. Qxf4 Ng6 43. Qf5 Qe8 44. Bb1 Qf7 45. h4 Rc8 46. Bd4
Rc4 47. Qd3 Rd6 48. h5 Rcxd4 49. Qxg6+ Qxg6 50. hxg6 Rxg4+ 51. Kh2 Rd2+ 52. Kh3
Rc4 53. Re1 Rc3+ 54. Kg4 Rg2+ 55. Kf5 Rc5+ 56. Kf4 Rc7 57. Re3 Rg1 58. Rb3 Rh1
59. Kf5 Re1 60. Kf4 Rc4+ 61. Kg3 Rxb1 62. Rxb1 Kxg6 63. Kf3 Ra4 64. Rb2 h5 65.
Kg3 Kg5 66. Rb5+ f5 67. Rb2 f4+ 68. Kh2 a5 69. Rg2+ Kf5 70. Rb2 Ra3 71. Kg2 h4
72. Kh2 f3 73. Rc2 Ke4 74. Kg1 Kf4 75. Kf2 Ra4 76. Rc8 Rxa2+ 77. Kf1 Kg4 78.
Rg8+ Kh3 79. Rf8 Kg3 80. Rg8+ 1/2-1/2

[Event "Guernsey Open"]
[Site "GCI"]
[Date "2005.10.19"]
[Round "4"]
[White "Dawson, Jeffery"]
[Black "Kirby, Peter"]
[Result "0-1"]
[WhiteElo "1982"]
[BlackElo "2045"]
[PlyCount "138"]
[EventDate "2005.10.16"]

1. e4 c5 2. Nf3 e6 3. g3 d5 4. e5 Nc6 5. Bg2 Nge7 6. O-O Ng6 7. Re1 Qc7 8. Qe2
Be7 9. d3 Bd7 10. a3 b5 11. Nbd2 Rb8 12. d4 Nxd4 13. Nxd4 cxd4 14. Nf3 Bc5 15.
b4 Bb6 16. Bb2 O-O 17. Nxd4 Rfc8 18. Rac1 Ne7 19. Red1 a6 20. Bf1 Qa7 21. Qf3
Nc6 22. Ne2 Bc7 23. Qh5 Bb6 24. Qf3 Bc7 25. Nd4 Nxe5 26. Qh5 Ng6 27. Bd3 Bb6
28. Nf3 Bxf2+ 29. Kf1 Be3 30. Ne5 d4 31. Re1 Qb7 32. Rxe3 dxe3 33. Ke2 Bc6 34.
Rf1 Rf8 35. Kxe3 Rbd8 36. Ng4 f5 37. Ne5 Nxe5 38. Bxe5 Be4 39. Rf4 Bxd3 40.
cxd3 Rd5 41. d4 Qa7 42. Kf3 Rc8 43. Kg2 Qb7 44. Kh3 Qf7 45. Qe2 g5 46. Rf1 g4+
47. Kg2 Qg6 48. Qd2 Rdd8 49. Rc1 Rc4 50. Rxc4 bxc4 51. a4 f4 52. Qxf4 {(=)} Rf8
53. Qd2 Qf5 54. Bf4 Qd3 55. Qxd3 cxd3 56. Kf2 e5 57. dxe5 Rd8 58. Bd2 Kf7 59.
Ke3 Ke6 60. b5 axb5 61. axb5 Kxe5 62. b6 {(=)} Rd5 63. b7 Rb5 64. Kxd3 Rxb7 65.
Bf4+ Kf5 66. Ke3 Rb2 67. h4 gxh3 68. Kf3 h2 69. g4+ Kg6 0-1

[Event "Guernsey Open"]
[Site "GCI"]
[Date "2005.10.19"]
[Round "4"]
[White "Nicholson, John"]
[Black "Heath, Jeffrey"]
[Result "1/2-1/2"]
[WhiteElo "2000"]
[BlackElo "2019"]
[PlyCount "49"]
[EventDate "2005.10.16"]

1. e4 c5 2. Nf3 d6 3. c3 Nf6 4. Bd3 Nc6 5. h3 a6 6. Bc2 g6 7. O-O Bg7 8. d4
cxd4 9. Nxd4 Nxd4 10. cxd4 O-O 11. Nc3 e5 12. Be3 Be6 13. d5 Bd7 14. f4 exf4
15. Bxf4 Nh5 16. Be3 Be5 17. Ne2 Ng3 18. Nxg3 Bxg3 19. Bh6 Qh4 20. Bxf8 Rxf8
21. a4 Be5 22. Qf3 Bxb2 23. Rab1 Bd4+ 24. Kh1 b5 25. axb5 1/2-1/2

[Event "Guernsey Open"]
[Site "GCI"]
[Date "2005.10.19"]
[Round "4"]
[White "Barnard, Paul E"]
[Black "Gravett, Alan D"]
[Result "1/2-1/2"]
[WhiteElo "2066"]
[BlackElo "1975"]
[PlyCount "40"]
[EventDate "2005.10.16"]

1. e4 c5 2. Nc3 Nc6 3. g3 g6 4. Bg2 Bg7 5. d3 d6 6. Be3 e5 7. Qd2 Nge7 8. Bh6
O-O 9. Bxg7 Kxg7 10. Nge2 Nd4 11. O-O Nec6 12. Nd5 Bh3 13. f3 Bxg2 14. Kxg2
Nxe2 15. Qxe2 Nd4 16. Qd2 f5 17. c3 Ne6 18. f4 fxe4 19. fxe5 dxe5 20. dxe4 Qd6
1/2-1/2

[Event "Guernsey Open"]
[Site "GCI"]
[Date "2005.10.19"]
[Round "4"]
[White "Goman, Colin"]
[Black "Burton, Ronnie"]
[Result "0-1"]
[WhiteElo "1919"]
[BlackElo "2044"]
[PlyCount "88"]
[EventDate "2005.10.16"]

1. d4 e5 2. dxe5 Nc6 3. Nf3 Qe7 4. e3 Nxe5 5. Nxe5 Qxe5 6. Qd4 d6 7. Qxe5+ dxe5
8. Bd3 Nf6 9. Nc3 Bb4 10. Bd2 O-O 11. O-O-O Be6 12. a3 Be7 13. h4 c6 14. f3 Nd5
15. g4 Bc5 16. Ne4 Bxe3 17. Rde1 Bxd2+ 18. Nxd2 Nf4 19. Bf1 f6 20. g5 Rad8 21.
gxf6 gxf6 22. Rg1+ Kf7 23. Ne4 b6 24. Nf2 Rg8 25. Ng4 Ke7 26. Nxe5 fxe5 27.
Rxg8 Rxg8 28. Rxe5 Rg1 29. Re1 Kf6 30. Kd2 Bh3 31. Bxh3 Rxe1 32. Kxe1 Nxh3 33.
Ke2 Ke5 34. Kd3 h5 35. Kc4 Nf4 36. b4 Ng6 37. a4 Nxh4 38. f4+ Kxf4 39. b5 cxb5+
40. axb5 Nf5 41. Kd5 h4 42. Kc6 Nd4+ 43. Kb7 Nxb5 44. c4 Nd6+ 0-1

[Event "Guernsey Open"]
[Site "GCI"]
[Date "2005.10.19"]
[Round "4"]
[White "Cummins, John"]
[Black "Murray, John Steven"]
[Result "1/2-1/2"]
[WhiteElo "1921"]
[BlackElo "2031"]
[PlyCount "102"]
[EventDate "2005.10.16"]

1. e4 c5 2. f4 Nc6 3. Nf3 g6 4. Nc3 Bg7 5. Bc4 e6 6. a4 Nge7 7. d3 O-O 8. O-O
Nd4 9. Nxd4 cxd4 10. Ne2 d5 11. Bb3 b6 12. e5 Nc6 13. Bd2 f6 14. exf6 Bxf6 15.
f5 exf5 16. Nf4 Ne7 17. Qf3 Bb7 18. Ne6 Qd7 19. Nxf8 Rxf8 20. Rae1 Re8 21. Rf2
Kf7 22. Rfe2 Bc6 23. Bb4 a5 24. Bxe7 Rxe7 25. Rxe7+ Bxe7 26. Re5 Kf6 27. Re2
Bd6 28. Qf2 Bc5 29. Qf3 Bf8 30. Qf4 Kf7 31. Kf1 Bc5 32. Qe5 Qd6 33. Qxd6 Bxd6
34. h3 Bf4 35. Kf2 Be3+ 36. Kf3 f4 37. h4 h6 38. g3 fxg3 39. Kxg3 g5 40. hxg5
hxg5 41. c4 Ke6 42. cxd5+ Bxd5 43. Bxd5+ Kxd5 44. Rc2 Bf4+ 45. Kg4 Be3 46. b3
Kd6 47. Kf5 Kd5 48. Rc4 Bf4 49. b4 axb4 50. Rxb4 Kc5 51. Rb5+ Kc6 1/2-1/2

[Event "Guernsey Open"]
[Site "GCI"]
[Date "2005.10.19"]
[Round "4"]
[White "Mihajlova, Diana"]
[Black "Jamieson, Ian"]
[Result "0-1"]
[WhiteElo "1152"]
[BlackElo "2026"]
[PlyCount "102"]
[EventDate "2005.10.16"]

1. e4 e6 2. d4 a6 3. Nf3 b5 4. a3 Bb7 5. Nc3 c5 6. Be3 cxd4 7. Qxd4 Nc6 8. Qd2
d6 9. Ng5 Nf6 10. f4 Be7 11. Qf2 Ng4 12. Qf3 Nxe3 13. Qxe3 Bf6 14. e5 Bxg5 15.
fxg5 Nxe5 16. O-O-O Rc8 17. Be2 Bxg2 18. Rhg1 Bc6 19. h4 O-O 20. h5 f5 21. gxf6
Rxf6 22. h6 g6 23. Rg5 Nf7 24. Rg3 e5 25. Bh5 d5 26. Bxg6 hxg6 27. Ne4 dxe4 28.
Rxd8+ Rxd8 29. Qe2 Kh7 30. Rg1 Re8 31. Rh1 Nd6 32. b3 Nf5 33. Qg4 e3 34. Rh5
gxh5 35. Qg5 Ref8 36. Kb2 Be8 37. Qg2 Kxh6 38. Qe4 Re6 39. Qd5 Rff6 40. c4 bxc4
41. Qxc4 Nd4 42. Qd3 e2 43. Qe3+ Rf4 44. Qd2 h4 45. Qe3 Bg6 46. Qc1 Bc2 47. Qg1
Rf1 48. Qg8 Rb1+ 49. Ka2 Bxb3+ 50. Kxb1 e1=Q+ 51. Kb2 Qd2+ 0-1

[Event "Guernsey Open"]
[Site "GCI"]
[Date "2005.10.19"]
[Round "4"]
[White "Spanton, Timothy"]
[Black "Edwards, L Alan"]
[Result "0-1"]
[WhiteElo "2018"]
[BlackElo "1984"]
[PlyCount "74"]
[EventDate "2005.10.16"]

1. e4 e6 2. d3 d5 3. Nd2 Nf6 4. Ngf3 Nc6 5. g3 Bc5 6. Bg2 dxe4 7. dxe4 e5 8.
O-O O-O 9. Nb3 Qxd1 10. Rxd1 Nxe4 11. Nxc5 Nxc5 12. Be3 Na4 13. b3 Nc3 14. Re1
f6 15. Bd2 Nb5 16. c3 Be6 17. c4 Nbd4 18. Nxd4 Nxd4 19. Rf1 Rad8 20. Bb4 Rfe8
21. Bc5 b6 22. Bxd4 Rxd4 23. Rad1 Red8 24. Bf3 c5 25. Rxd4 Rxd4 26. Rd1 Kf8 27.
Rxd4 cxd4 28. Kf1 Ke7 29. Ke2 Kd6 30. Kd2 Kc5 31. Kc2 Bf5+ 32. Kb2 e4 33. Bd1
Be6 34. a3 a5 35. Kc1 a4 36. b4+ Kxc4 37. Bxa4 Kc3 0-1

[Event "Guernsey Open"]
[Site "GCI"]
[Date "2005.10.19"]
[Round "4"]
[White "Taylor, Robert P"]
[Black "Ruigrok, Jacques"]
[Result "1-0"]
[WhiteElo "1995"]
[BlackElo "1785"]
[PlyCount "119"]
[EventDate "2005.10.16"]

1. d4 Nf6 2. Nf3 d5 3. Bg5 e6 4. Nbd2 Be7 5. e3 c5 6. c3 cxd4 7. cxd4 O-O 8.
Rc1 Nc6 9. Bd3 Bd7 10. O-O Nb4 11. Bb1 Bb5 12. Re1 Nd3 13. Bxd3 Bxd3 14. Ne5
Bg6 15. f4 Be4 16. g4 h6 17. Bh4 Ne8 18. Bxe7 Qxe7 19. Nxe4 dxe4 20. Re2 Nd6
21. Qe1 Rac8 22. Rec2 Rxc2 23. Rxc2 Rc8 24. Rxc8+ Nxc8 25. h4 f6 26. Ng6 Qc7
27. Qd2 Nd6 28. Kf2 Qb6 29. Qc3 Qb5 30. b3 Qd3 31. Qc1 a6 {(=)} 32. h5 a5 33.
f5 exf5 34. Ne7+ Kf7 35. Nxf5 Nxf5 36. gxf5 Ke7 37. Qc7+ Kf8 38. Qc8+ Ke7 39.
Qxb7+ Kf8 40. Qc8+ Ke7 41. Qc7+ Kf8 42. Qc1 Ke7 43. Ke1 Kd6 44. Qc5+ Kd7 45.
Qc1 Kd6 46. Kf2 Kd7 47. Ke1 Kd8 48. Qd2 Qb1+ 49. Ke2 Qh1 50. Qxa5+ Kc8 51. Qa8+
Kc7 52. Kd2 Qb1 53. Qa7+ Kd8 54. Qb6+ Kd7 55. Qe6+ Kc7 56. Qc4+ Kd8 57. Qg8+
Kd7 58. Qxg7+ Ke8 59. Qg8+ Ke7 60. Qe6+ 1-0

[Event "Guernsey Open"]
[Site "GCI"]
[Date "2005.10.19"]
[Round "4"]
[White "Van Hoek, Wim"]
[Black "Rowe, Peter"]
[Result "1/2-1/2"]
[WhiteElo "1782"]
[BlackElo "2071"]
[PlyCount "58"]
[EventDate "2005.10.16"]

1. e4 c5 2. Nf3 Nc6 3. c3 e5 4. Bc4 Be7 5. O-O Nf6 6. d4 cxd4 7. cxd4 d6 8. Qd3
O-O 9. h3 d5 10. Bxd5 Nxd5 11. exd5 Qxd5 12. Nc3 Qd8 13. d5 Bf6 14. Qc4 Nd4 15.
Nxd4 exd4 16. Ne4 Bf5 17. Nxf6+ Qxf6 18. Rd1 d3 19. Be3 Rac8 20. Qd4 Qg6 21.
Kh1 Rc2 22. Rd2 Rd8 23. Qxa7 Be4 24. f3 Bxd5 25. Qd4 Rd6 26. Qxd3 Rxd2 27. Qxg6
hxg6 28. Bxd2 Bxa2 29. Bc3 Be6 1/2-1/2

[Event "Guernsey Open"]
[Site "GCI"]
[Date "2005.10.19"]
[Round "4"]
[White "Morcom, Huw"]
[Black "Downey, Keith"]
[Result "1/2-1/2"]
[WhiteElo "1965"]
[BlackElo "1821"]
[PlyCount "34"]
[EventDate "2005.10.16"]

1. f4 c5 2. Nf3 Nc6 3. b3 d6 4. Bb2 Nf6 5. e3 g6 6. a3 Bg7 7. Bd3 O-O 8. O-O e5
9. fxe5 Ng4 10. Nc3 Ngxe5 11. Nxe5 Nxe5 12. Be4 Rb8 13. Rb1 Be6 14. Bd5 Qd7 15.
Qe1 Nc6 16. d3 Ne7 17. e4 Rbe8 1/2-1/2

[Event "Guernsey Open"]
[Site "GCI"]
[Date "2005.10.19"]
[Round "4"]
[White "Finch, Russell"]
[Black "Ippel, Cok"]
[Result "1-0"]
[WhiteElo "1650"]
[BlackElo "2064"]
[PlyCount "61"]
[EventDate "2005.10.16"]

1. d4 e6 2. Nf3 d5 3. e3 Nf6 4. Nbd2 Bd6 5. Bd3 c6 6. O-O Qc7 7. b3 O-O 8. Bb2
Re8 9. Ne5 c5 10. f4 Nc6 11. c3 a6 12. Qf3 b5 13. Rac1 Bb7 14. Qh3 c4 15. Bb1
g6 16. Ndf3 Bxe5 17. fxe5 Nh5 18. g4 f5 19. gxh5 Kg7 20. Kh1 Qe7 21. Rg1 Rg8
22. Rg2 Kf8 23. Rcg1 Ke8 24. hxg6 hxg6 25. Rxg6 Rxg6 26. Rxg6 Kd7 27. Qh6 Rf8
28. Ng5 Nd8 29. Rg7 Nf7 30. Qh5 Ke8 31. Nxf7 1-0

[Event "Guernsey Open"]
[Site "GCI"]
[Date "2005.10.20"]
[Round "5"]
[White "Korneev, Oleg"]
[Black "Hillarp Persson, Tiger"]
[Result "1/2-1/2"]
[WhiteElo "2601"]
[BlackElo "2534"]
[PlyCount "48"]
[EventDate "2005.10.16"]

1. e4 c5 2. Nf3 d6 3. d4 cxd4 4. Nxd4 Nf6 5. Nc3 a6 6. Be3 e6 7. f3 Be7 8. Qd2
Nc6 9. O-O-O O-O 10. g4 Nxd4 11. Bxd4 b5 12. Kb1 Nd7 13. h4 Qc7 14. g5 b4 15.
Na4 Bb7 16. b3 d5 17. g6 Ne5 18. gxh7+ Kh8 19. Rg1 dxe4 20. f4 Rad8 21. Bxe5
Rxd2 22. Rxd2 Qc6 23. Rxg7 f6 24. Rdg2 fxe5 1/2-1/2

[Event "Guernsey Open"]
[Site "GCI"]
[Date "2005.10.20"]
[Round "5"]
[White "Goater, Kevin P"]
[Black "Hensbergen, Willem"]
[Result "1/2-1/2"]
[WhiteElo "2178"]
[BlackElo "2106"]
[PlyCount "43"]
[EventDate "2005.10.16"]

1. f4 d5 2. Nf3 Nf6 3. e3 g6 4. Be2 Bg7 5. O-O O-O 6. d3 c5 7. Qe1 Nc6 8. Qh4
Nd7 9. Nc3 e6 10. Qg3 d4 11. Ne4 dxe3 {(=)} 12. c3 Ne7 13. Nfg5 Nf5 14. Qh3 h6
15. Nf3 Nf6 16. g4 Nd5 17. Ne1 Qc7 18. Ng2 Nfe7 19. Qf3 b6 20. Nxe3 Bb7 21. Qh3
f5 22. gxf5 1/2-1/2

[Event "Guernsey Open"]
[Site "GCI"]
[Date "2005.10.20"]
[Round "5"]
[White "Bellin, Robert"]
[Black "Van Randen, Fred"]
[Result "1-0"]
[WhiteElo "2374"]
[BlackElo "1869"]
[PlyCount "119"]
[EventDate "2005.10.16"]

1. e4 e5 2. Nf3 Nc6 3. Bb5 a6 4. Ba4 d6 5. Bxc6+ bxc6 6. d4 Bg4 7. dxe5 dxe5 8.
Qxd8+ Rxd8 9. Be3 f6 10. Nfd2 Bb4 11. c3 Bd6 12. f3 Be6 13. Nb3 Rb8 14. N1d2 a5
15. Nxa5 Rxb2 16. a4 Ne7 17. O-O Kf7 18. Nac4 Rbb8 19. Rfb1 Rxb1+ 20. Rxb1 Ra8
21. Ra1 c5 22. Kf2 Nc6 23. a5 Ra7 24. Ke2 Bc8 25. Kd1 Be6 26. Kc2 Ke7 27. Kd3
Ra8 28. g4 h6 29. h4 Kf7 30. Kc2 Ra7 31. h5 Kg8 32. Kd3 Kf7 33. Nb3 Ra8 34. a6
Bc8 35. a7 Rxa7 36. Rxa7 Nxa7 37. Bxc5 Bxc5 38. Nxc5 Ke7 39. Ne3 c6 40. Nf5+
Bxf5 41. gxf5 Nc8 42. Ne6 Nd6 43. Nxg7 Nf7 44. Ne6 Kd7 45. Kc4 Kc8 46. Kc5 Kd7
47. Nf8+ Kc7 48. Ne6+ Kd7 49. c4 Nd6 50. Nf8+ Kc7 51. Ne6+ Kd7 52. Kb4 Ke7 53.
c5 Nb7 54. f4 Kf7 55. fxe5 fxe5 56. Nc7 Ke7 57. Na6 Kf6 58. Nb8 Kg5 59. Nxc6
Kxh5 60. Nxe5 1-0

[Event "Guernsey Open"]
[Site "GCI"]
[Date "2005.10.20"]
[Round "5"]
[White "Havenaar, Jan"]
[Black "Roberts, Paul"]
[Result "1/2-1/2"]
[WhiteElo "2195"]
[BlackElo "2201"]
[PlyCount "108"]
[EventDate "2005.10.16"]

1. Nc3 d5 2. e4 dxe4 3. Nxe4 Qd5 4. Nc3 Qa5 5. d4 Nf6 6. Nf3 c6 7. Bc4 Bg4 8.
h3 Bh5 9. Qe2 e6 10. Bxe6 Bxf3 11. gxf3 fxe6 12. Qxe6+ Kd8 13. O-O Bb4 14. d5
Re8 15. Qf7 Qc7 16. Qxc7+ Kxc7 17. dxc6 bxc6 18. Bf4+ Bd6 19. Bg3 Bxg3 20. fxg3
Nbd7 21. Rad1 Nb6 22. Rfe1 Rxe1+ 23. Rxe1 Re8 24. Rxe8 Nxe8 25. Ne4 Nf6 26. Ng5
Kd6 27. Nf7+ Kd5 28. b3 Nbd7 29. c4+ Ke6 30. Nd8+ Kd6 31. Kf2 Nc5 32. Ke3 Ne6
33. Nf7+ Kc5 34. Ne5 Nh5 35. Nd3+ Kd6 36. g4 Nf6 37. f4 Nd7 38. Nf2 c5 39. Ne4+
Ke7 40. h4 Nd4 41. Nxc5 Nc2+ 42. Kd2 Nxc5 43. Kxc2 h5 44. gxh5 Ne6 45. Kd3
Nxf4+ 46. Ke4 Nxh5 47. b4 Ke6 48. a4 Nf6+ 49. Kd4 Nd7 50. c5 Ne5 51. b5 Nf3+
52. Kc4 Ne5+ 53. Kd4 Nf3+ 54. Kc4 Ne5+ 1/2-1/2

[Event "Guernsey Open"]
[Site "GCI"]
[Date "2005.10.20"]
[Round "5"]
[White "Taylor, Mark V"]
[Black "Wismayer, Clive R"]
[Result "1/2-1/2"]
[WhiteElo "2135"]
[BlackElo "2056"]
[PlyCount "29"]
[EventDate "2005.10.16"]

1. d4 d5 2. Nc3 e6 3. e4 dxe4 4. Nxe4 Bd7 5. Nf3 Bc6 6. Bd3 Nd7 7. O-O Ngf6 8.
Qe2 Bxe4 9. Bxe4 Nxe4 10. Qxe4 c6 11. Bf4 Be7 12. Rfe1 O-O 13. c3 Qb6 14. Qe2
Nf6 15. Rad1 1/2-1/2

[Event "Guernsey Open"]
[Site "GCI"]
[Date "2005.10.20"]
[Round "5"]
[White "Vorstermans, Peter"]
[Black "Lock, Gavin R"]
[Result "0-1"]
[WhiteElo "1934"]
[BlackElo "2178"]
[PlyCount "64"]
[EventDate "2005.10.16"]

1. e4 e6 2. d4 d5 3. Nd2 c5 4. Ngf3 Nf6 5. e5 Nfd7 6. c3 Nc6 7. Be2 Qb6 8. Nb3
cxd4 9. cxd4 a5 10. a4 Bb4+ 11. Bd2 Bxd2+ 12. Kxd2 f6 13. exf6 Nxf6 14. Bb5
Ne4+ 15. Ke2 O-O 16. Rf1 e5 17. dxe5 Nb4 18. Qd4 Qg6 19. Ne1 Nc6 20. Qb6 {(=)}
Qh5+ 21. f3 Qxe5 22. Nd3 Qxh2 23. fxe4 Bg4+ 24. Kd2 dxe4 25. Rxf8+ Rxf8 26.
Bxc6 Qxg2+ 27. Kc3 bxc6 28. Rg1 {(=)} Qf3 29. Qd4 h5 30. Nxa5 exd3 31. Qxd3 Qf2
32. Rg3 Qe1+ 0-1

[Event "Guernsey Open"]
[Site "GCI"]
[Date "2005.10.20"]
[Round "5"]
[White "Carpenter, Paul"]
[Black "Thurlow, Kevin J"]
[Result "1/2-1/2"]
[WhiteElo "1816"]
[BlackElo "2124"]
[PlyCount "65"]
[EventDate "2005.10.16"]

1. d4 Nf6 2. e3 b6 3. f4 Bb7 4. Nf3 g6 5. Bd3 Bg7 6. O-O O-O 7. c3 d6 8. Qc2
Nbd7 9. f5 e5 10. fxe6 fxe6 11. e4 Qe7 12. Bg5 h6 13. Bh4 e5 14. d5 g5 15. Bf2
Nh5 16. Nbd2 Nf4 17. g3 Ng6 18. Be3 Nf6 19. Ne1 Rf7 20. Ng2 Raf8 21. Rf3 Bc8
22. Raf1 Bh3 23. Nc4 b5 24. Na5 a6 25. Nc6 Qd7 26. Bc1 Ng4 27. Rxf7 Rxf7 28.
Rxf7 Qxf7 29. Ne3 Nxe3 30. Bxe3 Ne7 31. Nxe7+ Qxe7 32. Qf2 Qf6 33. Qxf6 1/2-1/2

[Event "Guernsey Open"]
[Site "GCI"]
[Date "2005.10.20"]
[Round "5"]
[White "Hickman, John"]
[Black "Dennis, Nigel W"]
[Result "0-1"]
[WhiteElo "2115"]
[BlackElo "2050"]
[PlyCount "72"]
[EventDate "2005.10.16"]

1. Nf3 Nf6 2. g3 g6 3. Bg2 Bg7 4. O-O O-O 5. d3 c5 6. e4 d6 7. c3 Nc6 8. Qe2
Qc7 9. h3 Bd7 10. Nbd2 Rab8 11. Nh4 b5 12. f4 b4 13. Nc4 bxc3 14. g4 cxb2 15.
Bxb2 Ne8 16. Bxg7 Nxg7 17. f5 g5 18. Nf3 f6 19. Rfb1 Rxb1+ 20. Rxb1 Rb8 21. Qc2
Rxb1+ 22. Qxb1 Qb8 23. Qc2 Ne8 24. h4 h6 25. hxg5 hxg5 26. Ne3 Nc7 27. e5 Nxe5
28. Nxe5 fxe5 29. Nd5 Nxd5 30. Bxd5+ Kg7 31. Bb3 Qb4 32. Qe2 Bc6 33. Bc4 Qb1+
34. Kf2 Qh1 35. Ke3 Qh3+ 36. Kd2 Qg2 0-1

[Event "Guernsey Open"]
[Site "GCI"]
[Date "2005.10.20"]
[Round "5"]
[White "Kirby, Peter"]
[Black "Twitchell, David T"]
[Result "0-1"]
[WhiteElo "2045"]
[BlackElo "1824"]
[PlyCount "230"]
[EventDate "2005.10.16"]

1. e4 e5 2. Nf3 Nc6 3. Bb5 f5 4. Bxc6 dxc6 5. Nc3 Nf6 6. Qe2 fxe4 7. Nxe4 Bg4
8. h3 Bxf3 9. Qxf3 Nxe4 10. Qxe4 Qf6 11. d3 Bd6 12. Be3 O-O 13. O-O Qf5 14.
Rad1 Qxe4 15. dxe4 c5 16. c4 a5 17. a4 b6 18. f3 h6 19. h4 Rae8 20. g3 Re6 21.
Kg2 Rf7 22. Bc1 Kh7 23. Rde1 g6 24. b3 Rfe7 25. Rf2 Re8 26. Rfe2 Rf8 27. Rf1
Rfe8 {(=)} 28. Kf2 Rf8 29. Ke1 Rc8 30. Kd1 Rf8 31. Kc2 Rfe8 32. Kc3 Kg7 33. Kd3
Rd8 34. Ke3 Rde8 35. Bb2 Kh7 36. Bc3 g5 37. hxg5 hxg5 38. Rh2+ Rh6 39. Rfh1
Rxh2 40. Rxh2+ Kg6 41. Rh1 Rf8 42. Ke2 Re8 43. Bd2 Rf8 44. Rf1 Rf7 45. Rh1 Rf8
{(=)} 46. Rh2 Re8 47. Kf1 Rf8 48. Kg2 Re8 49. Kh3 Rh8+ 50. Kg2 Rf8 51. Rh1 Re8
52. Kf2 Rf8 53. Ke2 Re8 54. Be1 Rf8 55. Bf2 Re8 56. Rf1 Rh8 57. Bg1 Re8 58. Rf2
Rf8 59. Bh2 Re8 60. Ke3 Rh8 61. f4 gxf4+ 62. gxf4 Rh3+ 63. Ke2 exf4 64. Bxf4
Bxf4 65. Rxf4 Rxb3 66. e5 Rh3 67. Rf6+ Kg7 68. Rc6 Kf7 69. Rxc7+ Ke6 70. Rc6+
Kxe5 71. Rxb6 Kd4 72. Rb5 Rh2+ 73. Kd1 Kxc4 74. Rxa5 Kd3 75. Kc1 c4 76. Rd5+
Kc3 77. Kd1 Ra2 78. a5 Ra1+ 79. Ke2 Kb3 80. Rb5+ Kc2 81. Rb4 c3 82. Rb5 Ra2 83.
Ke1 Kc1 84. Rc5 c2 85. Ke2 Kb1 86. Kd3 c1=Q 87. Rxc1+ Kxc1 88. Kc4 Rxa5 89. Kd4
Kd2 90. Ke4 Rc5 91. Kd4 Rh5 92. Ke4 Ke2 93. Kd4 Kf3 94. Kc4 Ke3 95. Kc3 Rh4 96.
Kc2 Kd4 97. Kb3 Kc5 98. Kc3 Rh3+ 99. Kd2 Kc4 100. Ke2 Kd4 101. Kf2 Ke4 102. Kg2
Ra3 103. Kf2 Rb3 104. Kg2 Kf4 105. Kh2 Kg4 106. Kg2 Rb2+ 107. Kf1 Kg3 108. Ke1
Kf3 109. Kd1 Ke3 110. Kc1 Rh2 111. Kb1 Kd3 112. Kc1 Rg2 113. Kb1 Kc3 114. Ka1
Kb3 115. Kb1 Rg1# 0-1

[Event "Guernsey Open"]
[Site "GCI"]
[Date "2005.10.20"]
[Round "5"]
[White "Jamieson, Ian"]
[Black "Heppell, Ian N"]
[Result "0-1"]
[WhiteElo "2026"]
[BlackElo "2165"]
[PlyCount "36"]
[EventDate "2005.10.16"]

1. b3 e5 2. Bb2 Nc6 3. e3 Nf6 4. Bb5 Bd6 5. a3 O-O 6. Nf3 Re8 7. Be2 Bf8 8. c4
d6 9. Nc3 e4 10. Ng5 h6 11. Nh3 Ne5 12. Nf4 Bf5 13. h3 Bh7 14. Qc2 c6 15. d4 {
(=)} exd3 16. Nxd3 d5 17. cxd5 Nxd5 18. Rd1 Nxe3 0-1

[Event "Guernsey Open"]
[Site "GCI"]
[Date "2005.10.20"]
[Round "5"]
[White "Heath, Jeffrey"]
[Black "Von Saldern, Rudiger"]
[Result "0-1"]
[WhiteElo "2019"]
[BlackElo "2091"]
[PlyCount "72"]
[EventDate "2005.10.16"]

1. e4 e5 2. Bc4 Nc6 3. Nf3 Bc5 4. d3 d6 5. c3 Bg4 6. Be3 Bb6 7. Nbd2 Nf6 8. a4
O-O 9. b4 Bxe3 10. fxe3 d5 11. exd5 Nxd5 12. Bxd5 Qxd5 13. Ne4 Rad8 14. Nf2 Bh5
15. e4 Qe6 16. O-O h6 17. Nh1 f5 18. Qe2 f4 19. Nf2 g5 20. Qa2 Qxa2 21. Rxa2 g4
22. Ne1 Rf6 23. Rd2 Rfd6 24. Nc2 g3 25. hxg3 fxg3 26. Nd1 Rxd3 27. Rxd3 Rxd3
28. Nce3 Ne7 29. Re1 Ng6 30. Nb2 Rxc3 31. Nd5 Rc2 32. Nd3 Be2 33. Nc1 Bc4 34.
Ne3 Rc3 35. Nxc4 Rxc4 36. Nd3 Nf4 0-1

[Event "Guernsey Open"]
[Site "GCI"]
[Date "2005.10.20"]
[Round "5"]
[White "Westerkamp, Bert"]
[Black "Wiecker, Stefan"]
[Result "1/2-1/2"]
[WhiteElo "2085"]
[BlackElo "1985"]
[PlyCount "30"]
[EventDate "2005.10.16"]

1. Nf3 Nf6 2. d4 g6 3. Bg5 Bg7 4. e3 d6 5. Nbd2 Nbd7 6. c3 O-O 7. Be2 Qe8 8.
O-O e5 9. dxe5 Nxe5 10. Nxe5 dxe5 11. Qc2 Be6 12. Rfd1 Nd7 13. e4 f5 14. f3 f4
15. Bc4 Nb6 1/2-1/2

[Event "Guernsey Open"]
[Site "GCI"]
[Date "2005.10.20"]
[Round "5"]
[White "Edwards, L Alan"]
[Black "Morton, Peter S"]
[Result "1/2-1/2"]
[WhiteElo "1984"]
[BlackElo "2061"]
[PlyCount "106"]
[EventDate "2005.10.16"]

1. e4 e5 2. Nf3 Nf6 3. Nxe5 d6 4. Nf3 Nxe4 5. d4 d5 6. Bd3 Be7 7. O-O O-O 8. c4
Nc6 9. Nc3 Nxc3 10. bxc3 dxc4 11. Bxc4 Bf6 12. Ba3 Be7 13. Bb2 Bd6 14. h3 Ne7
15. Ne5 Ng6 16. f4 Qh4 17. Qf3 Bxe5 18. g3 Qxh3 19. fxe5 Be6 20. Bd3 c6 21. c4
Rad8 22. Rf2 Qg4 23. Qxg4 Bxg4 24. Re1 Rfe8 25. Bf1 Nf8 26. Bg2 Be6 27. Rc2 h6
28. a4 Nh7 29. a5 a6 30. Rd1 Bf5 31. Rcd2 Bg4 32. Re1 Be6 33. d5 Bd7 34. d6 Ng5
35. Bc3 f6 36. Rb2 Bc8 37. c5 fxe5 38. Rxe5 Rxe5 39. Bxe5 Re8 40. Bd4 Re1+ 41.
Kf2 Ra1 42. d7 Bxd7 43. Rxb7 Ra2+ 44. Kg1 Be8 45. Rxg7+ Kf8 46. Ra7 Rxa5 47.
Bg7+ Kg8 48. Bxh6 Ne6 49. Re7 Bf7 50. Bxc6 Rxc5 51. Be8 Bxe8 52. Rxe8+ Kf7 53.
Ra8 Rc6 1/2-1/2

[Event "Guernsey Open"]
[Site "GCI"]
[Date "2005.10.20"]
[Round "5"]
[White "Kemp, Paul M"]
[Black "Taylor, Robert P"]
[Result "0-1"]
[WhiteElo "2051"]
[BlackElo "1995"]
[PlyCount "46"]
[EventDate "2005.10.16"]

1. d4 d5 2. Nc3 Nf6 3. Bg5 Bg4 4. Qd2 e6 5. f3 Bf5 6. e4 dxe4 7. fxe4 Bg4 8. h3
Bh5 9. g4 Bg6 10. e5 h6 11. Bh4 Ne4 12. Nxe4 Qxh4+ 13. Nf2 Be4 14. Rh2 Qg3 15.
O-O-O Qxh2 16. Nxe4 Qxd2+ 17. Rxd2 Be7 18. Bg2 Nd7 19. Ne2 O-O 20. a3 Rad8 21.
N2c3 c6 22. Kd1 Nb6 23. Ke1 Nc4 0-1

[Event "Guernsey Open"]
[Site "GCI"]
[Date "2005.10.20"]
[Round "5"]
[White "Burton, Ronnie"]
[Black "Borland, Tom"]
[Result "1-0"]
[WhiteElo "2044"]
[BlackElo "2042"]
[PlyCount "85"]
[EventDate "2005.10.16"]

1. d4 d5 2. Nf3 Nf6 3. Bf4 e6 4. e3 Bd6 5. Ne5 O-O 6. Bd3 c5 7. c3 b6 8. Nd2
Ba6 9. Bxa6 Nxa6 10. Qf3 Qc7 11. O-O Rae8 12. Rfe1 Nb8 13. Rac1 c4 14. e4 b5
15. g4 dxe4 16. Nxe4 Nxe4 17. Rxe4 f6 18. Nxc4 Bxf4 19. Rxf4 bxc4 20. Re1 Qc6
21. Qe2 Nd7 22. Re4 Nb6 23. f4 f5 24. Re5 fxg4 25. Qxg4 Rf6 26. Rg5 Qc7 27. f5
Qf7 28. fxe6 Rexe6 29. Rxe6 Qxe6 30. Rxg7+ Kh8 31. Qxe6 Rxe6 32. Rxa7 Re2 33.
b3 cxb3 34. axb3 Re3 35. Rb7 Nd5 36. c4 Nf4 37. d5 Rd3 38. Kf2 Kg8 39. b4 Rc3
40. Rc7 Nd3+ 41. Ke2 Nxb4 42. d6 Na6 43. d7 1-0